A suppressed cry: life and death of a Quaker daughter.

Saved in:
Bibliographic Details
Main Author: Glendinning, Victoria
Format: Book
Language:English
Published: London : Routledge & K. Paul, 1969.
Subjects:
LEADER 00944cam a2200253 a 4500
001 c000289331
003 CARM
005 20081201094727.0
008 691121s1969 enkacf b 001 0beng d
015 |a B69-19813 
019 1 |a 412183  |z 22227365  |5 LACONCORD2021 
035 |a (OCoLC)28940  |5 LACONCORD2021 
040 |a LC  |b eng  |c LC  |d XNTU  |d VCAV 
050 0 0 |a BX7795.S443  |b G55 
082 0 4 |a 289.60924 
100 1 |a Glendinning, Victoria. 
245 1 2 |a A suppressed cry: life and death of a Quaker daughter. 
260 |a London :  |b Routledge & K. Paul,  |c 1969. 
300 |a 120 p., [8] p. of plates :  |b ill., ports. ;  |c 23 cm. 
504 |a Bibliography: p. 114-115. 
600 1 0 |a Seebohm, Wilhelmina,  |d 1863-1885. 
852 8 |b CARM  |h A3:AD07A0  |i B11059  |p 0518845  |f BK 
999 f f |i de501782-f400-5d50-9df0-7fffdc93d33c  |s 2373f89e-e41b-577a-a14c-6ae8cf352e96 
952 f f |p Can circulate  |a CAVAL  |b CAVAL  |c CAVAL  |d CARM 1 Store  |e B11059  |f A3:AD07A0  |h Other scheme  |i book  |m 0518845